000 00775nam a2200253Ia 4500
003 OSt
005 20220923224703.0
006 a|||||r|||| 00| 0
007 ta
008 220922b |||||||| |||| 00| 0 hin d
024 _a248,808
037 _cTextual
040 _aARTS
_cARTS
_bhin
041 _2hin
_ahin
082 _aO152:g, J6
100 _aजयकिशन प्रसाद
245 0 _aहिन्दी साहित्य की प्रवृतियॉं
246 _aHindī sāhitya kī pravṛutiyaॉan
260 _c1956
300 _a628पृ.
_ccm.
650 _aहिन्दी साहित्य
_9156264
942 _hO152:g, J6
_cTEXL
_2CC
999 _c372966
_d372966